000 00521nam a2200193 a 4500
001 000044438
005 20201002045355.0
008 140630s1997 sp 000 0 spa d
020 _a8474326311
040 _aDO-SdBNP
_bspa
_cBNPHU
082 _axxxx
_bxxxx
100 1 _aEines, Jorge
_972098
245 1 3 _aEl actor pide /
_cJorge Eines.
260 _aBarcelona :
_bGedisa,
_c1997.
300 _a181 p. ;
_c22 cm.
490 1 _aArte y acción
504 _aBibliografía : p. 179-181
830 0 _aArte y acción
_972450
999 _c43927
_d43927